[Event "Frankfurt-ch"]
[Site "Frankfurt"]
[Date "2010.06.07"]
[Round "6"]
[White "Donchenko, Darja"]
[Black "Schellen, Sven"]
[Result "0-1"]
[WhiteElo "1706"]
[BlackElo "1633"]
[PlyCount "64"]
[EventDate "2010.04.26"]
[EventType "swiss"]
[EventRounds "7"]
[EventCountry "GER"]
[SourceTitle "EXT 2011"]
[Source "ChessBase"]
[SourceDate "2010.11.26"]
[SourceVersion "1"]
[SourceVersionDate "2010.11.26"]
[SourceQuality "1"]

1. c4 e5 2. Nc3 Nf6 3. Nf3 d6 4. g3 c6 5. Bg2 h6 6. d3 Be7 7. 0-0 0-0 8. Rb1 a5 9. a3 Re8 10. b4 axb4 11. axb4 Bf8 12. Nd2 Bd7 13. b5 Qc8 14. Qb3 Bh3 15. Nde4 Nxe4 16. Nxe4 Bxg2 17. Kxg2 Nd7 18. Ba3 Qb8 19. Bb2 Kh8 20. Bc3 f5 21. bxc6 bxc6 22. Qc2 Qc7 23. Nd2 Reb8 24. f4 Qc8 25. e4 fxe4 26. dxe4 Qe8 27. f5 Nf6 28. h3 d5 29. exd5 cxd5 30. cxd5 Nxd5 31. Rxb8 Rxb8 32. Ne4 Ne3+ 0-1

[Event "Rhein Main op 12th"]
[Site "Bad Homburg"]
[Date "2009.06.13"]
[Round "6"]
[White "Donchenko, Darja"]
[Black "Tran, My Linh"]
[Result "0-1"]
[WhiteElo "1356"]
[BlackElo "1813"]
[PlyCount "56"]
[EventDate "2009.06.10"]
[EventType "swiss"]
[EventRounds "7"]
[EventCountry "GER"]
[SourceTitle "CBM 131 Extra"]
[Source "ChessBase"]
[SourceDate "2009.09.03"]
[SourceVersion "2"]
[SourceVersionDate "2009.09.16"]
[SourceQuality "1"]

1. d4 Nf6 2. Nf3 e6 3. c4 c5 4. Nc3 cxd4 5. Nxd4 a6 6. e4 d6 7. Be3 Be7 8. Be2 Nbd7 9. 0-0 Qc7 10. Qd2 Ne5 11. b3 Neg4 12. Bxg4 Nxg4 13. f4 Nxe3 14. Qxe3 0-0 15. Nf3 Bd7 16. Kh1 Rac8 17. Rac1 Rfe8 18. e5 Bc6 19. Rcd1 Red8 20. Nd4 Be8 21. Nf3 d5 22. Qd4 b5 23. Nxd5 exd5 24. cxd5 Bc5 25. Qd3 h6 26. Rc1 Qa7 27. Rc3 b4 28. Rc4 Bb5 0-1

[Event "Hessen-ch Gr-F"]
[Site "Idstein"]
[Date "2009.04.11"]
[Round "4"]
[White "Loeffler, Markus1111"]
[Black "Donchenko, Darja"]
[Result "1-0"]
[WhiteElo "1267"]
[BlackElo "1270"]
[PlyCount "61"]
[EventDate "2009.04.10"]
[EventType "swiss"]
[EventRounds "5"]
[EventCountry "GER"]
[SourceTitle "EXT 2010"]
[Source "ChessBase"]
[SourceDate "2010.11.25"]
[SourceVersion "1"]
[SourceVersionDate "2010.11.25"]
[SourceQuality "1"]

1. e4 c5 2. Bc4 e6 3. Nc3 Nc6 4. Nf3 d6 5. d4 cxd4 6. Nxd4 Nf6 7. Bg5 Be7 8. 0-0 a6 9. Nxc6 bxc6 10. a3 d5 11. exd5 cxd5 12. Bb3 0-0 13. Re1 Rb8 14. Qf3 Bb7 15. Qg3 Nh5 16. Bxe7 Nxg3 17. Bxd8 Nf5 18. Bc7 Rbc8 19. Ba5 d4 20. Ne4 Bd5 21. Nd2 Bxb3 22. cxb3 Rc2 23. Nc4 Rc8 24. Rac1 d3 25. Bc3 Rd8 26. Kf1 Nd4 27. Nd2 Rc8 28. f3 h6 29. Kf2 Nxb3 30. Rxc2 Nd4 31. Rcc1 1-0